| 000 | 00529nam a22001817a 4500 | ||
|---|---|---|---|
| 003 | CEME | ||
| 005 | 20210628202909.0 | ||
| 008 | 210119b xxu||||| |||| 00| 0 eng d | ||
| 020 | _a81-7371-392-8 | ||
| 040 | _c. | ||
| 082 | _a658.4038 KNO | ||
| 100 |
_aSchreiber, Guus, Akkermans, Hans, Anjewierden, Anjo _962214 |
||
| 245 | _aKnowledge engineering and management | ||
| 260 |
_aNEW DLEHI _bUNIVERSITY PRESS _c2003 |
||
| 300 | _aXIV, 455 P | ||
| 650 |
_aKNOWLEDGE ENGINEERING.KNOWLEDGE MANAGEMENT _962215 |
||
| 942 |
_cBK _2ddc |
||
| 999 |
_c571393 _d571393 |
||